EV Kit for Testing and Monitoring (IoT Based Analyzer) (Record no. 32828)
[ view plain ]
| 000 -LEADER | |
|---|---|
| fixed length control field | 00390nam a2200121Ia 4500 |
| 008 - FIXED-LENGTH DATA ELEMENTS--GENERAL INFORMATION | |
| fixed length control field | 260210s9999 xx 000 0 und d |
| 082 ## - DEWEY DECIMAL CLASSIFICATION NUMBER | |
| Classification number | 629.281072 NAV |
| 100 ## - MAIN ENTRY--PERSONAL NAME | |
| Personal name | Bisma Naveed, Rami Muhd. Ali, Tahreem Azhar |
| 245 #0 - TITLE STATEMENT | |
| Title | EV Kit for Testing and Monitoring (IoT Based Analyzer) |
| 260 ## - PUBLICATION, DISTRIBUTION, ETC. | |
| Place of publication, distribution, etc. | Karachi |
| Name of publisher, distributor, etc. | UITU, |
| Date of publication, distribution, etc. | 2020 |
| 600 ## - SUBJECT ADDED ENTRY--PERSONAL NAME | |
| Personal name | Bachelor of Engineering (B.E) |
| 650 ## - SUBJECT ADDED ENTRY--TOPICAL TERM | |
| Topical term or geographic name entry element | Computer Engineering |
| Withdrawn status | Lost status | Damaged status | Not for loan | Collection | Home library | Current library | Date acquired | Total checkouts | Full call number | Barcode | Date last seen | Price effective from | Koha item type |
|---|---|---|---|---|---|---|---|---|---|---|---|---|---|
| PR-Computer Engineering | UITU Library | UITU Library | 10/06/2025 | 629.281072 NAV | CE-291 | 02/10/2026 | 02/10/2026 | Project Report |

